Domenicos Theotocopoulos. El Greco con sesenta y seis reproducciones
Saved in:
| Hovedforfatter: | |
|---|---|
| Format: | Bog |
| Sprog: | spansk |
| Udgivet: |
Barcelona
Iberia
1952
|
| Udgivelse: | 3a. ed |
| Fag: | |
| Tags: |
Tilføj Tag
Ingen Tags, Vær først til at tagge denne postø!
|
MARC
| LEADER | 00000nam a2200000 a 4500 | ||
|---|---|---|---|
| 001 | UCI7993 | ||
| 003 | CL-VaPUC | ||
| 008 | 080731e19520000SP |||||||||||||||||spa|d | ||
| 082 | 0 | 4 | |a 759.6 |b BER |2 21 |
| 100 | 0 | |a Beryes, Ignacio de |e author |9 531444 | |
| 245 | 1 | 0 | |a Domenicos Theotocopoulos. El Greco con sesenta y seis reproducciones |
| 250 | |a 3a. ed | ||
| 300 | |a 22 p | ||
| 942 | |c BK | ||
| 945 | |d 20080731 00:00:00 |a jtorresc | ||
| 260 | |a Barcelona |b Iberia |c 1952 | ||
| 600 | 0 | 7 | |a THEOTOCOPOULOS, DOMENICOS |2 CL-VaPUC |9 531445 |
| 600 | 0 | |a El Greco |9 341177 | |
| 650 | 0 | |a Pintores españoles |9 315216 | |
| 650 | 0 | |a Pintura española |9 315217 | |
| 651 | 0 | |a España |9 254926 | |
| 583 | |a last modification |c 20080731 00:00:00 |k Rodrigo Vera | ||
| 999 | |c 331097 |d 331095 | ||
| 952 | |0 0 |1 0 |4 0 |6 759_600000000000000_BER_1952 |7 0 |8 R |9 417216 |a BIBART |b BIBART |d 2019-11-22 |i 4467701 |l 1 |o 759.6 BER 1952 |p 4467701 |r 2025-04-08 |s 2025-04-02 |w 2019-11-22 |y BK_R |k ART | ||
| 952 | |0 0 |1 0 |4 0 |6 759_600000000000000_BER_1952 |7 0 |8 ? |9 417217 |a FDOBUD |b FDOBUD |d 2019-11-22 |i 4546741 |o 759.6 BER 1952 |p 4546741 |r 2019-11-22 |w 2019-11-22 |y BK |k BUD | ||